[Event "Tournoi International du Pays de Charleroi 2018"]
[Site "Roux, Belgium"]
[Date "2018.08.02"]
[Round "7.20"]
[White "Mulder, Bart-Piet"]
[Black "Schuermans, Robert"]
[Result "0-1"]
[WhiteElo "2176"]
[BlackElo "2044"]

1. c4 {[%clk 01:30:22]} {[%emt 00:00:37]} Nc6 {[%clk 01:30:19]} {[%emt
00:00:41]} 2. Nc3 {[%clk 01:30:38]} {[%emt 00:00:15]} e5 {[%clk 01:30:13]}
{[%emt 00:00:35]} 3. g3 {[%clk 01:29:30]} {[%emt 00:01:38]} Nf6 {[%clk
01:29:38]} {[%emt 00:01:05]} 4. Bg2 {[%clk 01:29:56]} {[%emt 00:00:04]} Bc5
{[%clk 01:29:19]} {[%emt 00:00:48]} 5. d3 {[%clk 01:22:46]} {[%emt 00:07:41]}
O-O {[%clk 01:26:52]} {[%emt 00:02:56]} 6. Nf3 {[%clk 01:21:35]} {[%emt
00:01:42]} h6 {[%clk 01:24:00]} {[%emt 00:03:22]} 7. a3 {[%clk 01:19:27]}
{[%emt 00:02:38]} a5 {[%clk 01:23:10]} {[%emt 00:01:20]} 8. O-O {[%clk
01:18:41]} {[%emt 00:01:15]} d6 {[%clk 01:20:32]} {[%emt 00:03:09]} 9. Rb1
{[%clk 01:12:39]} {[%emt 00:06:33]} Be6 {[%clk 01:08:47]} {[%emt 00:12:13]} 10.
Nd2 {[%clk 01:08:45]} {[%emt 00:04:24]} Qd7 {[%clk 00:59:26]} {[%emt 00:09:52]}
11. Nd5 {[%clk 00:54:54]} {[%emt 00:14:22]} Bxd5 {[%clk 00:56:23]} {[%emt
00:03:31]} 12. cxd5 {[%clk 00:55:08]} {[%emt 00:00:17]} Ne7 {[%clk 00:56:33]}
{[%emt 00:00:19]} 13. b4 {[%clk 00:54:23]} {[%emt 00:01:17]} axb4 {[%clk
00:54:21]} {[%emt 00:02:42]} 14. axb4 {[%clk 00:54:49]} {[%emt 00:00:04]} Bb6
{[%clk 00:54:11]} {[%emt 00:00:38]} 15. e4 {[%clk 00:47:33]} {[%emt 00:07:47]}
Ra2 {[%clk 00:50:06]} {[%emt 00:04:35]} 16. Nc4 {[%clk 00:46:38]} {[%emt
00:01:25]} Bd4 {[%clk 00:49:02]} {[%emt 00:01:33]} 17. Be3 {[%clk 00:39:51]}
{[%emt 00:07:18]} Bxe3 {[%clk 00:44:02]} {[%emt 00:05:30]} 18. Nxe3 {[%clk
00:39:08]} {[%emt 00:01:13]} Rfa8 {[%clk 00:42:16]} {[%emt 00:02:16]} 19. d4
{[%clk 00:34:02]} {[%emt 00:05:36]} Ng6 {[%clk 00:38:02]} {[%emt 00:04:42]} 20.
Nf5 {[%clk 00:31:53]} {[%emt 00:02:41]} Kh7 {[%clk 00:30:27]} {[%emt 00:08:04]}
21. dxe5 {[%clk 00:27:14]} {[%emt 00:05:10]} Nxe5 {[%clk 00:29:57]} {[%emt
00:00:59]} 22. f4 {[%clk 00:23:34]} {[%emt 00:04:10]} Nc4 {[%clk 00:26:43]}
{[%emt 00:03:44]} 23. Qd4 {[%clk 00:17:17]} {[%emt 00:06:49]} Nd2 {[%clk
00:23:22]} {[%emt 00:03:51]} 24. Nxg7 {[%clk 00:15:26]} {[%emt 00:02:20]} Kxg7
{[%clk 00:23:03]} {[%emt 00:00:49]} 25. e5 {[%clk 00:15:47]} {[%emt 00:00:10]}
Qf5 {[%clk 00:22:27]} {[%emt 00:01:05]} 26. exf6+ {[%clk 00:13:25]} {[%emt
00:02:53]} Qxf6 {[%clk 00:22:16]} {[%emt 00:00:39]} 27. Qxf6+ {[%clk 00:09:39]}
{[%emt 00:04:17]} Kxf6 {[%clk 00:22:34]} {[%emt 00:00:12]} 28. Rbc1 {[%clk
00:09:54]} {[%emt 00:00:14]} Nxf1 {[%clk 00:22:19]} {[%emt 00:00:46]} 29. Bxf1
{[%clk 00:10:12]} {[%emt 00:00:12]} Ra1 {[%clk 00:16:09]} {[%emt 00:06:39]} 30.
Rxc7 {[%clk 00:09:11]} {[%emt 00:01:32]} Rb1 {[%clk 00:16:15]} {[%emt
00:00:24]} 31. Rc2 {[%clk 00:07:08]} {[%emt 00:02:33]} Raa1 {[%clk 00:16:07]}
{[%emt 00:00:38]} 32. Rf2 {[%clk 00:07:31]} {[%emt 00:00:07]} Rxb4 {[%clk
00:16:18]} {[%emt 00:00:20]} 33. Kg2 {[%clk 00:07:53]} {[%emt 00:00:07]} Rd1
{[%clk 00:15:55]} {[%emt 00:00:52]} 0-1

[Event "Tournoi International du Pays de Charleroi 2018"]
[Site "Roux, Belgium"]
[Date "2018.08.02"]
[Round "7.31"]
[White "Chauvon, Guillaume"]
[Black "De Smedt, Mark"]
[Result "1-0"]
[WhiteElo "2013"]
[BlackElo "1926"]

1. Nf3 {[%clk 01:30:58]} {[%emt 00:00:02]} d5 {[%clk 01:29:39]} {[%emt
00:01:21]} 2. d4 {[%clk 01:31:18]} {[%emt 00:00:09]} Nc6 {[%clk 01:29:35]}
{[%emt 00:00:35]} 3. c4 {[%clk 01:31:26]} {[%emt 00:00:21]} Bg4 {[%clk
01:29:53]} {[%emt 00:00:12]} 4. Nc3 {[%clk 01:31:26]} {[%emt 00:00:30]} e6
{[%clk 01:27:38]} {[%emt 00:02:46]} 5. Bg5 {[%clk 01:29:26]} {[%emt 00:02:29]}
f6 {[%clk 01:16:43]} {[%emt 00:11:25]} 6. cxd5 {[%clk 01:20:39]} {[%emt
00:09:17]} exd5 {[%clk 01:10:19]} {[%emt 00:06:55]} 7. Bd2 {[%clk 01:19:51]}
{[%emt 00:01:18]} Bb4 {[%clk 01:07:07]} {[%emt 00:03:42]} 8. e3 {[%clk
01:16:48]} {[%emt 00:03:33]} Nge7 {[%clk 01:06:25]} {[%emt 00:01:12]} 9. h3
{[%clk 01:15:43]} {[%emt 00:01:35]} Be6 {[%clk 01:04:08]} {[%emt 00:02:47]} 10.
a3 {[%clk 01:13:11]} {[%emt 00:03:02]} Bd6 {[%clk 00:59:16]} {[%emt 00:05:21]}
11. b4 {[%clk 01:08:23]} {[%emt 00:05:18]} a5 {[%clk 00:56:49]} {[%emt
00:02:58]} 12. b5 {[%clk 01:07:02]} {[%emt 00:01:51]} Na7 {[%clk 00:50:37]}
{[%emt 00:06:42]} 13. Bd3 {[%clk 01:03:47]} {[%emt 00:03:45]} c6 {[%clk
00:15:22]} {[%emt 00:35:44]} 14. bxc6 {[%clk 00:50:27]} {[%emt 00:13:51]} Naxc6
{[%clk 00:13:16]} {[%emt 00:02:36]} 15. Qb3 {[%clk 00:46:14]} {[%emt 00:04:43]}
b6 {[%clk 00:12:26]} {[%emt 00:01:20]} 16. Bb5 {[%clk 00:37:48]} {[%emt
00:08:56]} Kf7 {[%clk 00:07:37]} {[%emt 00:05:19]} 17. Rc1 {[%clk 00:28:24]}
{[%emt 00:09:53]} Rc8 {[%clk 00:05:13]} {[%emt 00:02:54]} 18. Na4 {[%clk
00:28:20]} {[%emt 00:00:34]} Na7 {[%clk 00:05:11]} {[%emt 00:00:33]} 19. Rxc8
{[%clk 00:20:29]} {[%emt 00:08:20]} Naxc8 {[%clk 00:05:06]} {[%emt 00:00:35]}
20. O-O {[%clk 00:20:38]} {[%emt 00:00:21]} Qc7 {[%clk 00:04:46]} {[%emt
00:00:51]} 21. Ba6 {[%clk 00:19:47]} {[%emt 00:01:21]} Qa7 {[%clk 00:04:31]}
{[%emt 00:00:45]} 22. Bxc8 {[%clk 00:18:25]} {[%emt 00:01:52]} Rxc8 {[%clk
00:03:15]} {[%emt 00:01:46]} 23. Qxb6 {[%clk 00:17:35]} {[%emt 00:01:20]} Qxb6
{[%clk 00:03:43]} {[%emt 00:00:01]} 24. Nxb6 {[%clk 00:17:55]} {[%emt
00:00:10]} Rb8 {[%clk 00:04:12]} {[%emt 00:00:01]} 25. Bxa5 {[%clk 00:15:53]}
{[%emt 00:02:33]} Bc7 {[%clk 00:04:37]} {[%emt 00:00:04]} 26. Nd7 {[%clk
00:15:35]} {[%emt 00:00:48]} Ra8 {[%clk 00:01:59]} {[%emt 00:03:08]} 27. Bxc7
{[%clk 00:15:59]} {[%emt 00:00:07]} Bxd7 {[%clk 00:02:27]} {[%emt 00:00:01]} 28.
Bd6 {[%clk 00:15:41]} {[%emt 00:00:48]} Nc6 {[%clk 00:02:53]} {[%emt 00:00:05]}
29. Rb1 {[%clk 00:12:49]} {[%emt 00:03:22]} Ke6 {[%clk 00:02:43]} {[%emt
00:00:40]} 30. Bc5 {[%clk 00:12:48]} {[%emt 00:00:30]} Na5 {[%clk 00:02:26]}
{[%emt 00:00:47]} 31. Rb6+ {[%clk 00:11:30]} {[%emt 00:01:49]} Bc6 {[%clk
00:02:53]} {[%emt 00:00:03]} 32. Ne1 {[%clk 00:09:14]} {[%emt 00:02:46]} Kd7
{[%clk 00:02:57]} {[%emt 00:00:26]} 33. Nd3 {[%clk 00:09:24]} {[%emt 00:00:19]}
Nc4 {[%clk 00:01:11]} {[%emt 00:02:17]} 34. Rb3 {[%clk 00:09:47]} {[%emt
00:00:05]} Nd2 {[%clk 00:01:31]} {[%emt 00:00:12]} 35. Rb2 {[%clk 00:09:41]}
{[%emt 00:00:34]} Nc4 {[%clk 00:01:40]} {[%emt 00:00:22]} 36. Ra2 {[%clk
00:10:06]} {[%emt 00:00:05]} Ba4 {[%clk 00:01:19]} {[%emt 00:00:52]} 37. Bb4
{[%clk 00:10:05]} {[%emt 00:00:31]} Bd1 {[%clk 00:00:35]} {[%emt 00:01:14]} 38.
Kf1 {[%clk 00:08:46]} {[%emt 00:01:48]} Kc6 {[%clk 00:00:54]} {[%emt 00:00:11]}
39. Nc5 {[%clk 00:07:37]} {[%emt 00:01:39]} Bh5 {[%clk 00:00:41]} {[%emt
00:00:43]} 40. Nd3 {[%clk 00:01:34]} {[%emt 00:06:34]} g5 {[%clk 00:00:32]}
{[%emt 00:00:38]} 41. Be7 {[%clk 00:00:36]} {[%emt 00:01:29]} h6 {[%clk
00:29:16]} {[%emt 00:01:45]} 42. Bxf6 {[%clk 00:28:49]} {[%emt 00:02:17]} Rf8
{[%clk 00:29:35]} {[%emt 00:00:11]} 43. Ne5+ {[%clk 00:26:12]} {[%emt
00:03:08]} Kb5 {[%clk 00:29:21]} {[%emt 00:00:44]} 44. Nxc4 {[%clk 00:22:28]}
{[%emt 00:04:14]} dxc4 {[%clk 00:29:33]} {[%emt 00:00:17]} 45. Be7 {[%clk
00:18:34]} {[%emt 00:04:24]} Ra8 {[%clk 00:28:49]} {[%emt 00:01:14]} 46. Rb2+
{[%clk 00:17:35]} {[%emt 00:01:28]} Ka5 {[%clk 00:28:09]} {[%emt 00:01:12]} 47.
f3 {[%clk 00:17:31]} {[%emt 00:00:34]} Re8 {[%clk 00:26:55]} {[%emt 00:01:43]}
48. Bb4+ {[%clk 00:17:58]} {[%emt 00:00:03]} Ka4 {[%clk 00:27:17]} {[%emt
00:00:08]} 49. e4 {[%clk 00:18:16]} {[%emt 00:00:12]} Rc8 {[%clk 00:26:33]}
{[%emt 00:01:14]} 50. Ke2 {[%clk 00:18:07]} {[%emt 00:00:40]} Be8 {[%clk
00:24:15]} {[%emt 00:02:48]} 51. Kd2 {[%clk 00:16:52]} {[%emt 00:01:45]} 1-0

[Event "Tournoi International du Pays de Charleroi 2018"]
[Site "Roux, Belgium"]
[Date "2018.08.02"]
[Round "7.26"]
[White "Kolp, Theo"]
[Black "Barbier, Wim"]
[Result "1/2-1/2"]
[WhiteElo "1980"]
[BlackElo "2117"]

1. Nf3 {[%clk 01:30:57]} {[%emt 00:00:02]} d6 {[%clk 01:30:50]} {[%emt
00:00:11]} 2. d4 {[%clk 01:31:17]} {[%emt 00:00:10]} Nf6 {[%clk 01:31:10]}
{[%emt 00:00:11]} 3. Bf4 {[%clk 01:31:35]} {[%emt 00:00:12]} c5 {[%clk
01:30:54]} {[%emt 00:00:50]} 4. e3 {[%clk 01:30:43]} {[%emt 00:01:25]} Qb6
{[%clk 01:30:17]} {[%emt 00:01:11]} 5. b3 {[%clk 01:29:39]} {[%emt 00:01:39]}
g6 {[%clk 01:30:26]} {[%emt 00:00:23]} 6. c3 {[%clk 01:26:49]} {[%emt
00:03:31]} Bg7 {[%clk 01:30:02]} {[%emt 00:00:58]} 7. Qc2 {[%clk 01:25:05]}
{[%emt 00:02:20]} Nc6 {[%clk 01:22:33]} {[%emt 00:08:31]} 8. Nbd2 {[%clk
01:20:38]} {[%emt 00:05:18]} cxd4 {[%clk 01:20:47]} {[%emt 00:02:24]} 9. exd4
{[%clk 01:18:45]} {[%emt 00:02:30]} O-O {[%clk 01:20:18]} {[%emt 00:01:02]} 10.
Bd3 {[%clk 01:16:53]} {[%emt 00:02:30]} Bg4 {[%clk 01:16:31]} {[%emt 00:04:34]}
11. O-O {[%clk 01:13:29]} {[%emt 00:04:13]} Rac8 {[%clk 01:16:14]} {[%emt
00:00:50]} 12. Qb2 {[%clk 01:11:13]} {[%emt 00:02:59]} Nd5 {[%clk 01:10:39]}
{[%emt 00:06:29]} 13. Be3 {[%clk 01:08:16]} {[%emt 00:03:41]} e5 {[%clk
01:06:40]} {[%emt 00:04:50]} 14. Nc4 {[%clk 00:53:47]} {[%emt 00:16:28]} Qc7
{[%clk 01:05:12]} {[%emt 00:02:10]} 15. dxe5 {[%clk 00:45:10]} {[%emt
00:09:55]} Nxe3 {[%clk 00:56:19]} {[%emt 00:10:08]} 16. fxe3 {[%clk 00:43:40]}
{[%emt 00:02:12]} Bxf3 {[%clk 00:47:14]} {[%emt 00:10:25]} 17. gxf3 {[%clk
00:41:51]} {[%emt 00:02:25]} Nxe5 {[%clk 00:46:46]} {[%emt 00:01:02]} 18. Nxe5
{[%clk 00:38:05]} {[%emt 00:04:41]} Bxe5 {[%clk 00:47:00]} {[%emt 00:00:17]} 19.
Rac1 {[%clk 00:36:51]} {[%emt 00:01:49]} Bxc3 {[%clk 00:44:37]} {[%emt
00:03:09]} 20. Qe2 {[%clk 00:36:22]} {[%emt 00:01:03]} Qe7 {[%clk 00:40:48]}
{[%emt 00:04:40]} 21. Bc4 {[%clk 00:33:34]} {[%emt 00:03:32]} Bb4 {[%clk
00:40:49]} {[%emt 00:00:32]} 22. Kh1 {[%clk 00:29:47]} {[%emt 00:04:33]} Qe5
{[%clk 00:33:08]} {[%emt 00:08:55]} 23. e4 {[%clk 00:28:24]} {[%emt 00:02:03]}
Qf4 {[%clk 00:32:10]} {[%emt 00:01:36]} 24. Rc2 {[%clk 00:27:09]} {[%emt
00:01:55]} Rc5 {[%clk 00:30:15]} {[%emt 00:02:34]} 25. Bd5 {[%clk 00:23:13]}
{[%emt 00:04:45]} b6 {[%clk 00:30:33]} {[%emt 00:00:12]} 26. Rxc5 {[%clk
00:22:06]} {[%emt 00:01:45]} Bxc5 {[%clk 00:30:34]} {[%emt 00:00:31]} 27. Qd3
{[%clk 00:20:36]} {[%emt 00:02:06]} Re8 {[%clk 00:29:18]} {[%emt 00:01:57]} 28.
Qc3 {[%clk 00:17:36]} {[%emt 00:03:49]} a5 {[%clk 00:24:48]} {[%emt 00:05:26]}
29. Qc1 {[%clk 00:16:21]} {[%emt 00:01:51]} Be3 {[%clk 00:24:12]} {[%emt
00:01:12]} 30. Qc6 {[%clk 00:16:20]} {[%emt 00:00:31]} Rf8 {[%clk 00:23:43]}
{[%emt 00:01:04]} 31. Qc3 {[%clk 00:15:32]} {[%emt 00:01:26]} h5 {[%clk
00:23:51]} {[%emt 00:00:24]} 32. Qc2 {[%clk 00:14:33]} {[%emt 00:01:37]} Kh7
{[%clk 00:20:59]} {[%emt 00:03:36]} 33. a4 {[%clk 00:12:42]} {[%emt 00:02:30]}
Kh6 {[%clk 00:18:43]} {[%emt 00:03:00]} 34. Qg2 {[%clk 00:11:30]} {[%emt
00:01:51]} f6 {[%clk 00:15:16]} {[%emt 00:04:14]} 35. Qg3 {[%clk 00:11:30]}
{[%emt 00:00:32]} Rc8 {[%clk 00:14:59]} {[%emt 00:00:50]} 36. Bc4 {[%clk
00:09:59]} {[%emt 00:02:10]} Qxg3 {[%clk 00:13:16]} {[%emt 00:02:23]} 37. hxg3
{[%clk 00:10:22]} {[%emt 00:00:07]} g5 {[%clk 00:12:36]} {[%emt 00:01:16]} 38.
Rd1 {[%clk 00:09:47]} {[%emt 00:01:09]} Bc5 {[%clk 00:12:55]} {[%emt 00:00:14]}
39. Kg2 {[%clk 00:10:11]} {[%emt 00:00:06]} Kg6 {[%clk 00:12:56]} {[%emt
00:00:32]} 40. Rh1 {[%clk 00:08:56]} {[%emt 00:01:54]} Rh8 {[%clk 00:11:47]}
{[%emt 00:01:47]} 41. Be6 {[%clk 00:08:11]} {[%emt 00:01:19]} h4 {[%clk
00:08:06]} {[%emt 00:04:34]} 42. g4 {[%clk 00:29:45]} {[%emt 00:09:53]} Be3
{[%clk 00:35:00]} {[%emt 00:03:52]} 43. Kh3 {[%clk 00:29:33]} {[%emt 00:00:46]}
Re8 {[%clk 00:34:46]} {[%emt 00:00:46]} 44. Bc4 {[%clk 00:29:14]} {[%emt
00:00:53]} Rc8 {[%clk 00:32:16]} {[%emt 00:03:14]} 45. Rd1 {[%clk 00:29:14]}
{[%emt 00:00:32]} Bf4 {[%clk 00:30:46]} {[%emt 00:02:07]} 46. Rd5 {[%clk
00:28:12]} {[%emt 00:01:36]} Rc5 {[%clk 00:30:09]} {[%emt 00:01:14]} 47. Kg2
{[%clk 00:24:23]} {[%emt 00:04:33]} Kg7 {[%clk 00:29:49]} {[%emt 00:00:54]} 48.
Kh3 {[%clk 00:24:09]} {[%emt 00:00:47]} Kf8 {[%clk 00:30:15]} {[%emt 00:00:05]}
49. Kg2 {[%clk 00:24:22]} {[%emt 00:00:18]} Ke7 {[%clk 00:30:41]} {[%emt
00:00:04]} 50. Kh3 {[%clk 00:23:58]} {[%emt 00:00:57]} Kd7 {[%clk 00:30:09]}
{[%emt 00:01:07]} 51. Kg2 {[%clk 00:23:57]} {[%emt 00:00:31]} Kc6 {[%clk
00:30:07]} {[%emt 00:00:35]} 52. Bb5+ {[%clk 00:24:06]} {[%emt 00:00:22]} Kb7
{[%clk 00:30:30]} {[%emt 00:00:08]} 53. Bc4 {[%clk 00:24:31]} {[%emt 00:00:05]}
Be5 {[%clk 00:29:11]} {[%emt 00:01:57]} 54. Kh3 {[%clk 00:24:10]} {[%emt
00:00:54]} Rc7 {[%clk 00:29:35]} {[%emt 00:00:07]} 55. Kg2 {[%emt 00:10:34]}
1/2-1/2

[Event "Tournoi International du Pays de Charleroi 2018"]
[Site "Roux, Belgium"]
[Date "2018.08.02"]
[Round "7.8"]
[White "Klinova, Masha"]
[Black "Van Malder, Dries"]
[Result "1-0"]
[WhiteTitle "WGM"]
[WhiteElo "2298"]
[BlackElo "2126"]

1. e4 {[%clk 01:30:57]} {[%emt 00:00:02]} c5 {[%clk 01:30:51]} {[%emt
00:00:10]} 2. Nf3 {[%clk 01:31:23]} {[%emt 00:00:05]} d6 {[%clk 01:31:14]}
{[%emt 00:00:06]} 3. Bb5+ {[%clk 01:31:45]} {[%emt 00:00:09]} Nd7 {[%clk
01:31:37]} {[%emt 00:00:07]} 4. O-O {[%clk 01:32:08]} {[%emt 00:00:06]} Ngf6
{[%clk 01:31:59]} {[%emt 00:00:07]} 5. Re1 {[%clk 01:31:46]} {[%emt 00:00:53]}
a6 {[%clk 01:32:10]} {[%emt 00:00:19]} 6. Bf1 {[%clk 01:32:08]} {[%emt
00:00:08]} b6 {[%clk 01:31:22]} {[%emt 00:01:19]} 7. c3 {[%clk 01:28:40]}
{[%emt 00:03:57]} Bb7 {[%clk 01:30:15]} {[%emt 00:01:36]} 8. d3 {[%clk
01:24:33]} {[%emt 00:04:37]} g6 {[%clk 01:28:31]} {[%emt 00:02:15]} 9. Nbd2
{[%clk 01:15:55]} {[%emt 00:09:08]} Bg7 {[%clk 01:28:29]} {[%emt 00:00:31]} 10.
d4 {[%clk 01:15:08]} {[%emt 00:01:17]} cxd4 {[%clk 01:24:47]} {[%emt 00:04:12]}
11. cxd4 {[%clk 01:13:46]} {[%emt 00:01:53]} O-O {[%clk 01:22:35]} {[%emt
00:02:42]} 12. b3 {[%clk 01:09:48]} {[%emt 00:04:27]} b5 {[%clk 01:14:18]}
{[%emt 00:08:47]} 13. Bb2 {[%clk 01:07:00]} {[%emt 00:03:18]} Rc8 {[%clk
00:59:36]} {[%emt 00:15:11]} 14. Rc1 {[%clk 00:57:18]} {[%emt 00:10:12]} Qb6
{[%clk 00:48:15]} {[%emt 00:11:51]} 15. h3 {[%clk 00:50:03]} {[%emt 00:07:46]}
Rxc1 {[%clk 00:41:52]} 16. Qxc1 {[%clk 00:49:57]} {[%emt 00:07:29]} Rc8 {[%clk
00:42:15]} {[%emt 00:00:06]} 17. Qb1 {[%clk 00:50:07]} {[%emt 00:00:20]} Qc7
{[%clk 00:28:16]} {[%emt 00:14:27]} 18. Bd3 {[%clk 00:43:07]} {[%emt 00:07:32]}
e5 {[%clk 00:26:17]} {[%emt 00:02:29]} 19. Rc1 {[%clk 00:37:05]} {[%emt
00:06:32]} Qb8 {[%clk 00:25:50]} {[%emt 00:00:57]} 20. Rxc8+ {[%clk 00:35:14]}
{[%emt 00:02:22]} Bxc8 {[%clk 00:26:04]} {[%emt 00:00:16]} 21. Qc2 {[%clk
00:33:18]} {[%emt 00:02:26]} Bb7 {[%clk 00:24:10]} {[%emt 00:02:24]} 22. d5
{[%clk 00:28:16]} {[%emt 00:05:32]} Nc5 {[%clk 00:22:33]} {[%emt 00:02:06]} 23.
Nxe5 {[%clk 00:17:41]} {[%emt 00:11:06]} Nfxe4 {[%clk 00:14:24]} {[%emt
00:08:38]} 24. Nxe4 {[%clk 00:15:13]} {[%emt 00:02:59]} Nxe4 {[%clk 00:10:36]}
{[%emt 00:04:17]} 25. Nxg6 {[%clk 00:08:32]} {[%emt 00:07:11]} hxg6 {[%clk
00:04:13]} {[%emt 00:06:54]} 26. Bxg7 {[%clk 00:06:57]} {[%emt 00:02:05]} Kxg7
{[%clk 00:02:02]} {[%emt 00:02:41]} 27. Bxe4 {[%clk 00:07:21]} {[%emt
00:00:06]} Qe8 {[%clk 00:01:34]} {[%emt 00:00:55]} 28. Qc3+ {[%clk 00:05:02]}
{[%emt 00:02:52]} Kg8 {[%clk 00:01:15]} {[%emt 00:00:48]} 29. Bf3 {[%clk
00:05:16]} {[%emt 00:00:15]} Qe7 {[%clk 00:01:14]} {[%emt 00:00:31]} 30. b4
{[%clk 00:04:49]} {[%emt 00:00:59]} Qg5 {[%clk 00:00:54]} {[%emt 00:00:48]} 31.
Qe3 {[%clk 00:03:51]} {[%emt 00:01:30]} Qf5 {[%clk 00:00:44]} {[%emt 00:00:39]}
32. Qd2 {[%clk 00:03:28]} {[%emt 00:00:53]} Qe5 {[%clk 00:00:41]} {[%emt
00:00:33]} 33. g3 {[%clk 00:03:04]} {[%emt 00:00:55]} Kg7 {[%clk 00:00:45]}
{[%emt 00:00:26]} 34. h4 {[%clk 00:03:03]} {[%emt 00:00:30]} Qa1+ {[%clk
00:00:45]} {[%emt 00:00:30]} 35. Kg2 {[%clk 00:03:04]} {[%emt 00:00:29]} Qe5
{[%clk 00:00:39]} {[%emt 00:00:36]} 36. a3 {[%clk 00:03:07]} {[%emt 00:00:28]}
Kf6 {[%clk 00:00:34]} {[%emt 00:00:34]} 37. Qd3 {[%clk 00:02:19]} {[%emt
00:01:18]} Kg7 {[%clk 00:00:42]} {[%emt 00:00:22]} 38. Kf1 {[%clk 00:01:40]}
{[%emt 00:01:09]} Qa1+ {[%clk 00:00:55]} {[%emt 00:00:17]} 39. Kg2 {[%clk
00:02:05]} {[%emt 00:00:06]} Qe5 {[%clk 00:01:16]} {[%emt 00:00:08]} 40. Qd2
{[%clk 00:02:03]} {[%emt 00:00:32]} Kg8 {[%clk 00:00:35]} {[%emt 00:01:11]} 41.
Qg5 {[%clk 00:00:57]} {[%emt 00:01:34]} Qxg5 {[%clk 00:25:59]} {[%emt
00:05:08]} 42. hxg5 {[%clk 00:28:18]} {[%emt 00:03:09]} Kg7 {[%clk 00:25:10]}
{[%emt 00:01:19]} 43. Be4 {[%clk 00:28:40]} {[%emt 00:00:09]} f6 {[%clk
00:25:09]} {[%emt 00:00:31]} 44. gxf6+ {[%clk 00:28:49]} {[%emt 00:00:20]} Kxf6
{[%clk 00:24:50]} {[%emt 00:00:49]} 45. f4 {[%clk 00:29:14]} {[%emt 00:00:05]}
Bc8 {[%clk 00:20:43]} {[%emt 00:04:35]} 46. Kf3 {[%clk 00:29:10]} {[%emt
00:00:36]} g5 {[%clk 00:19:03]} {[%emt 00:02:10]} 47. Bh7 {[%clk 00:24:45]}
{[%emt 00:04:55]} Kg7 {[%clk 00:17:18]} {[%emt 00:02:15]} 48. Bc2 {[%clk
00:24:33]} {[%emt 00:00:42]} Kf6 {[%clk 00:17:06]} {[%emt 00:00:42]} 49. fxg5+
{[%clk 00:21:38]} {[%emt 00:03:25]} Kxg5 {[%clk 00:17:06]} {[%emt 00:00:29]} 50.
Bh7 {[%clk 00:22:03]} {[%emt 00:00:06]} Bg4+ {[%clk 00:13:40]} {[%emt
00:03:56]} 51. Kf2 {[%clk 00:18:34]} {[%emt 00:03:59]} Bh3 {[%clk 00:10:30]}
{[%emt 00:03:39]} 52. Bg8 {[%clk 00:18:27]} {[%emt 00:00:37]} Bf5 {[%clk
00:10:37]} {[%emt 00:00:24]} 53. Be6 {[%clk 00:16:23]} {[%emt 00:02:34]} Be4
{[%clk 00:11:01]} {[%emt 00:00:06]} 54. Ke3 {[%clk 00:16:47]} {[%emt 00:00:05]}
Bg2 {[%clk 00:10:29]} {[%emt 00:01:03]} 55. Kd4 {[%clk 00:17:01]} 1-0